000 00680nam a22002057a 4500
005 20161128160329.0
010 _aENG-116683
020 _a9788184845365
_c1080.00
035 _aEN-100215
037 _bDBAD/PUB
082 _a338.160954
245 _aAgricultural growth and changing patterns :
_cedited by Syed Kajim Sabbir [and] Md Tariq
_bregional issues and problems /
260 _aNew Delhi
_bRegal Publications
_c2016
270 _aF-159 Rajouri Garden
_bNew Delhi
_e110027
300 _avii,235p.
_c23cm(Hb)
500 _aIncludes index
700 _aSatyendra Prajapati
700 _aSatendra Narayan Singh
942 _2ddc
_cEN
_h338.160954
_mAGR
999 _c104801
_d104801